书目信息 |
| 题名: |
农药标准汇编
|
|
| 作者: | ;全国农药标准化技术委员会 , 中国标准出版社 , 中国石油和化学工业联合会 编 | |
| 分册: | 农药产品 | |
| 出版信息: | 北京 中国标准出版社 2016.10 |
|
| 页数: | 700页 | |
| 开本: | 30cm | |
| 丛书名: | ||
| 单 册: | ||
| 中图分类: | TQ45-65 , TQ455-65 , S48-65 | |
| 科图分类: | ||
| 主题词: | 农药--标准--中国--汇编 , 杀菌剂--标准--中国--汇编 , 植物--灾害--农药防治 , 植物--灾害--化学防治 | |
| 电子资源: | ||
| ISBN: | 978-7-5066-8422-4 | |
| 000 | 01280nam0 2200313 450 | |
| 001 | 1440 | |
| 005 | 20180929083037.12 | |
| 010 | @a978-7-5066-8422-4@dCNY220.00 | |
| 100 | @a20170215d2016 em y0chiy50 ea | |
| 101 | 0 | @achi |
| 102 | @aCN@b110000 | |
| 105 | @ay l 000yy | |
| 200 | 1 | @a农药标准汇编@9nong yao biao zhun hui bian@i农药产品@i杀菌剂卷@f全国农药标准化技术委员会,中国标准出版社,中国石油和化学工业联合会编 |
| 205 | @a2版 | |
| 210 | @a北京@c中国标准出版社@d2016.10 | |
| 215 | @a700页@d30cm | |
| 330 | @a本书包括国家标准39项,行业标准40项,收录硫酸铜(农用)、百菌清原药、百菌清可湿性粉剂、井冈霉素水剂、多菌灵原药、三环唑原药、赤霉素原药、百菌清悬浮剂、百菌清烟粉粒剂、10%百菌清烟片剂、代森锰锌原药等标准。 | |
| 606 | 0 | @a农药@x标准@y中国@j汇编 |
| 606 | 0 | @a杀菌剂@x标准@y中国@j汇编 |
| 606 | 0 | @a植物@x灾害@x农药防治 |
| 606 | 0 | @a植物@x灾害@x化学防治 |
| 690 | @aTQ45-65@v5 | |
| 690 | @aTQ455-65@v5 | |
| 690 | @aS48-65@v4 | |
| 711 | 02 | @a全国农药标准化技术委员会@9quan guo nong yao biao zhun hua ji shu wei yuan hui@4编 |
| 711 | 02 | @a中国标准出版社@9zhong guo biao zhun chu ban she@4编 |
| 711 | 02 | @a中国石油和化学工业联合会@9zhong guo shi you he hua xue gong ye lian he hui@4编 |
| 801 | 0 | @aCN@b91MARC@c20170215 |
| 905 | @aMuseLib@dS48-65@e136=2 | |
| 农药标准汇编.农药产品.杀菌剂卷/全国农药标准化技术委员会,中国标准出版社,中国石油和化学工业联合会编.-2版.-北京:中国标准出版社,2016.10 |
| 700页;30cm |
| ISBN 978-7-5066-8422-4:CNY220.00 |
| 本书包括国家标准39项,行业标准40项,收录硫酸铜(农用)、百菌清原药、百菌清可湿性粉剂、井冈霉素水剂、多菌灵原药、三环唑原药、赤霉素原药、百菌清悬浮剂、百菌清烟粉粒剂、10%百菌清烟片剂、代森锰锌原药等标准。 |
| ● |
| 相关链接 |
|
|
|
|
正题名:农药标准汇编
索取号:S48-65/136=2
 
预约/预借
| 序号 | 登录号 | 条形码 | 馆藏地/架位号 | 状态 | 备注 |
| 1 | 1122659 | 211226591 | 第二样本阅览室/ [索取号:S48-65/136=2] | 在馆 | |
| 2 | 1122660 | 211226608 | 密集书库-生命科学系/ [索取号:S48-65/136=2] | 在馆 |